000 00319nam a22001457a 4500
020 _a978-0-545-14605-0
082 _a823
_bBER/S
100 _aBERGEN, LARA
245 _aSOPHIE THE HERO
260 _aLONDON
_bSCHOLASTIC INC
_c2010
300 _a102
520 _aENGLISH NOVEL
650 _aENGLISH NOVEL
942 _cBK
999 _c5658
_d5658